Národný kalendár ...

Bibliographic Details
Other Authors: Bobák, Ján, 1950- (Compiler), Haviar, Štefan, 1949- (Compiler), Puchovský, Maroš, 1967- (Compiler), Rolková, Natália, 1978- (Compiler), Petrovský, Karol, 1950-2010 (Compiler)
Format: Serial
Language:Slovak
PhysicalDescription:zv. fotogr., ilustr. 22-24 cm
Published: Martin Matica slovenská 1994-
Martin Matica slovenska Neografia
Martin
ISBN:8070903066 (brož. : r. 1995)
807090349X (brož. : r. 1996)
8070903945 (brož. : r. 1997)
8070904399 (brož. : r. 1998)
8070904968 (brož. : r. 1999)
8070905492 (brož. : r. 2000)
8070905875 (brož. : r. 2001)
8070906219 (brož. : r. 2002)
8070906618 (brož. : r. 2003)
8070907177 (brož. : r. 2004)
8096922149 (brož. : r. 2005)
8070907886 (brož. : r. 2006)
8070908181 (brož. : r. 2007)
9788070908532 (brož. : r. 2008)
9788070908860 (brož. : r. 2009)
9788070909331 (brož. : r. 2010)
9788070909867 (brož. : r. 2011)
9788081280146 (brož. : r. 2012)
9788081280474 (brož. : r. 2013)
9788081280795 (brož. : r. 2014)
9788081281082 (brož. : r. 2015)
9788081281457 (brož. : r. 2016)
9788081281747 (brož. : r. 2017)
9788081281983 (brož. : r. 2018)
9788081282225 (brož. : r. 2019)
9788081282430 (brož. : r. 2020)
9788081282638 (brož. : r. 2021)
9788081282744 (brož. : r. 2022)
9788081282867 (brož. : r. 2023)
9788081283031 (brož. : r. 2024)
9788081283352 (brož. : r. 2025)
9788081283574 (brož. : r. 2026)
Subjects:

MARC

LEADER 00000cas a2200000 a 4500
001 vtls001478528
005 20260423094506.0
008 230531c19949999xo ar h 0 0b0slo
015 |a SNBA1994/12 (r. 1994)  |a SNBA1997/0802128 (r. 1996)  |a SNBA1998/04-01160 (r. 1997)  |a SNBA1999/07-02566 (r. 1998)  |a SNBA2000/11-03963 (r. 1999)  |a SNBA2001/08-02846 (r. 2000)  |a SNBA2004/04-02786 (r. 2001) 
015 |a SNBB2006/03-00867 (r. 2004)  |a SNBB2006/03-00868 (r. 2005)  |a SNBB2006/03-00869 (r. 2006)  |a SNBB2007/03-00724 (r. 2007)  |a SNBB2008/03-01078 (r. 2008)  |a SNBB2009/01-00236 (r. 2009)  |a SNBB2010/02-01378 (r. 2010)  |a SNBB2011/01-00333 (r. 2011)  |a SNBBB2012/01-00138 (r. 2012)  |a SNBB2012/04-01409 (r. 2013)  |a SNBB2015-(r. 2014, r. 2015, r. 2016)  |a SNBB2016-(r. 2017)  |a SNBB2017-(r. 2018)  |a SNBB2019-(r. 2019, r. 2020)  |a SNBB2021-(r. 2021, r. 2022)  |a SNBB2023-(r. 2023)  |a SNBB2024-(r. 2024)  |a SNBB2025-(r. 2025)  |a SNBB2026-(r. 2026) 
020 |a 8070903066 (brož. : r. 1995) 
020 |a 807090349X (brož. : r. 1996) 
020 |a 8070903945 (brož. : r. 1997) 
020 |a 8070904399 (brož. : r. 1998) 
020 |a 8070904968 (brož. : r. 1999) 
020 |a 8070905492 (brož. : r. 2000) 
020 |a 8070905875 (brož. : r. 2001) 
020 |a 8070906219 (brož. : r. 2002) 
020 |a 8070906618 (brož. : r. 2003) 
020 |a 8070907177 (brož. : r. 2004) 
020 |a 8096922149 (brož. : r. 2005) 
020 |a 8070907886 (brož. : r. 2006) 
020 |a 8070908181 (brož. : r. 2007) 
020 |a 9788070908532 (brož. : r. 2008) 
020 |a 9788070908860 (brož. : r. 2009) 
020 |a 9788070909331 (brož. : r. 2010) 
020 |a 9788070909867 (brož. : r. 2011) 
020 |a 9788081280146 (brož. : r. 2012) 
020 |a 9788081280474 (brož. : r. 2013) 
020 |a 9788081280795 (brož. : r. 2014) 
020 |a 9788081281082 (brož. : r. 2015) 
020 |a 9788081281457 (brož. : r. 2016) 
020 |a 9788081281747 (brož. : r. 2017) 
020 |a 9788081281983 (brož. : r. 2018) 
020 |a 9788081282225 (brož. : r. 2019) 
020 |a 9788081282430 (brož. : r. 2020) 
020 |a 9788081282638 (brož. : r. 2021) 
020 |a 9788081282744 (brož. : r. 2022) 
020 |a 9788081282867 (brož. : r. 2023) 
020 |a 9788081283031 (brož. : r. 2024) 
020 |a 9788081283352 (brož. : r. 2025) 
020 |a 9788081283574 (brož. : r. 2026) 
035 |a SNK000433828 
040 |a SNK  |b slo  |c SNK  |d SVKBB  |e AACR2 
041 0 |a slo 
043 |a e-xo--- 
044 |a xo  |c SK 
072 7 |a 050  |x Seriálové publikácie. Periodiká  |2 konspekt 
072 7 |a 94(437)  |x Dejiny Česka a Slovenska  |2 konspekt 
080 |a 94(437.6)  |2 2011 
080 |a (=162.4)  |2 2011 
080 |a (059)  |2 2011 
080 |a 908(437.6)  |2 2011 
080 |a 050  |2 2011 
080 |a 394.46  |2 2011 
245 0 0 |a Národný kalendár ... 
260 |a Martin  |b Matica slovenská  |c 1994- 
260 2 |3 2006-2009  |a Martin  |b Matica slovenska  |b Neografia 
260 3 |3 2010-  |a Martin  |b Matica slovenská 
300 |a zv.  |b fotogr., ilustr.  |c 22-24 cm 
310 |a 1x ročne 
362 0 |a 1995- 
500 |a Súčasťou názvu je označenie bežného roku 
500 |a Zostavili: 1998-2003, Štefan Haviar, Ján Bobák ; 2004, Ján Bobák ; 2005, Štefan Haviar, Maroš Puchovský ; 2006, Štefan Haviar, Natália Rolková v spolupráci s Karolom Petrovským ; r. 2007-2009, Štefan Haviar a Natália Rolková ; r. 2010-2026, Štefan Haviar 
500 |a Od r. 1995-1997 sa zostavovatelia menia 
500 |a Od r. 2025 výška formátu 22 cm 
650 0 7 |a Slováci  |2 SNKPH  |9 22552 
650 0 7 |a Slovaks  |2 SNKPHeng  |9 265192 
650 0 7 |a výročia a významné udalosti  |2 SNKPH  |9 16069 
650 0 7 |a Anniversaries and special events  |2 SNKPHeng  |9 265185 
651 7 |a Slovensko  |x dejiny  |2 SNKPH  |9 13278 
651 7 |a Slovakia  |x history  |2 SNKPHeng  |9 266841 
655 7 |a textové kalendáre  |2 SNKPH  |9 60816 
655 7 |a Text calendars  |2 SNKPHeng  |9 265087 
700 1 |a Bobák, Ján,  |d 1950-  |4 com  |9 104397 
700 1 |a Haviar, Štefan,  |d 1949-  |4 com  |9 226205 
700 1 |a Puchovský, Maroš,  |d 1967-  |4 com  |9 192836 
700 1 |a Rolková, Natália,  |d 1978-  |4 com  |9 198697 
700 1 |a Petrovský, Karol,  |d 1950-2010  |4 com  |9 158303 
916 |a 1995-2019, 2020, 2021, 2022 
919 |a 80-7090-306-6 
919 |a 80-7090-349-X 
919 |a 80-7090-394-5 
919 |a 80-7090-439-9 
919 |a 80-7090-496-8 
919 |a 80-7090-549-2 
919 |a 80-7090-587-5 
919 |a 80-7090-621-9 
919 |a 80-7090-661-8 
919 |a 80-7090-717-7 
919 |a 80-969221-4-9 
919 |a 80-7090-788-6 
919 |a 80-7090-818-1 
919 |a 978-80-7090-853-2 
919 |a 978-80-7090-886-0 
919 |a 978-80-7090-933-1 
919 |a 978-80-7090-986-7 
919 |a 978-80-8128-014-6 
919 |a 978-80-8128-047-4 
919 |a 978-80-8128-079-5 
919 |a 978-80-8128-108-2 
919 |a 978-80-8128-145-7 
919 |a 978-80-8128-174-7 
919 |a 978-80-8128-198-3 
919 |a 978-80-8128-222-5 
919 |a 978-80-8128-243-0 
919 |a 978-80-8128-263-8 
919 |a 978-80-8128-274-4 
919 |a 978-80-8128-286-7 
919 |a 978-80-8128-303-1 
919 |a 978-80-8128-335-2 
919 |a 978-80-8128-357-4 
999 |c 4069  |d 5999 
952 |t r. 1997  |a SNK  |b SNK  |y NEVYP  |7 0  |o snkC 677  |i snk1260/970319  |0 0  |1 0  |4 0  |d 1997-03-17  |l 0  |r 2005-01-02 00:00:00  |w 2026-02-21 
952 |a SNK  |b SNK  |y PREZ  |7 0  |p 17A0079517  |o snkČSC 3201/1997  |i snkKSP 2868/97  |8 0  |f 1  |0 0  |1 0  |4 0  |d 1997-03-17  |l 0  |r 2005-01-02 00:00:00  |w 2026-02-21 
952 |a SNK  |b SNK  |y PREZ  |7 0  |p 17A0055371  |o snkČSC 3201/1997 D1  |i snkKSP 2869/97  |8 0  |0 0  |1 0  |4 0  |d 1997-03-17  |l 0  |r 2005-01-02 00:00:00  |w 2026-02-21 
952 |a SNK  |b SNK  |y PREZ  |7 0  |p 17A0635988  |o snkČSC 3201/2010  |i snk2010/11526  |8 0  |f 1  |0 0  |1 0  |4 0  |d 2010-05-28  |l 0  |r 2026-02-21 19:32:33  |w 2026-02-21 
952 |a SNK  |b SNK  |y PREZ  |7 0  |p 17A0635989  |o snkČSC 3201/2010 D1  |i snk2010/11527  |8 0  |0 0  |1 0  |4 0  |d 2010-05-28  |l 0  |r 2026-02-21 19:32:33  |w 2026-02-21 
952 |a SNK  |b SNK  |y PREZ  |7 0  |p 17A0431402  |o snkČSC 3201/2004  |i snkPV 1062/2004  |f 1  |0 0  |1 0  |4 0  |d 2004-07-15  |l 0  |r 2005-01-02 00:00:00  |w 2026-02-21 
952 |a SNK  |b SNK  |y PREZ  |7 0  |p 17A0431403  |o snkČSC 3201/2004 D1  |i snkPV 1063/2004  |0 0  |1 0  |4 0  |d 2004-07-15  |l 0  |r 2005-01-02 00:00:00  |w 2026-02-21 
952 |a SNK  |b SNK  |y PREZ  |7 0  |p 17A0446105  |o snkČSC 3201/2005 D1  |i snkPV 1542/2004  |0 0  |1 0  |4 0  |d 2004-11-30  |l 0  |r 2005-01-02 00:00:00  |w 2026-02-21 
952 |a SNK  |b SNK  |y PREZ  |7 0  |p 17A0446104  |o snkČSC 3201/2005  |i snkPV 1541/2004  |f 1  |0 0  |1 0  |4 0  |d 2004-11-30  |l 0  |r 2005-01-02 00:00:00  |w 2026-02-21 
952 |a SNK  |b SNK  |y PREZ  |7 0  |p 17A0477756  |o snkČSC 3201/2006  |i snk2005/21453  |8 0  |f 1  |0 0  |1 0  |4 0  |d 2005-12-21  |l 0  |r 2026-02-21 19:41:56  |w 2026-02-21 
952 |a SNK  |b SNK  |y PREZ  |7 0  |p 17A0477757  |o snkČSC 3201/2006 D1  |i snk2005/21454  |8 0  |0 0  |1 0  |4 0  |d 2005-12-21  |l 0  |r 2026-02-21 19:41:56  |w 2026-02-21 
952 |a SNK  |b SNK  |y PREZ  |7 0  |p 17A1466035  |o snkČSC 3201/2023  |i snk2023/8073  |8 0  |z Na obale: Slovenská republika má 30 rokov  |0 0  |1 0  |4 0  |d 2023-05-19  |l 0  |r 2026-02-21 19:47:25  |w 2026-02-21 
952 |a SNK  |b SNK  |y PREZ  |7 0  |p 17A1466036  |o snkČSC 3201/2023 D1  |i snk2023/8076  |8 0  |z Na obale: Slovenská republika má 30 rokov  |0 0  |1 0  |4 0  |d 2023-05-19  |l 0  |r 2026-02-21 19:47:25  |w 2026-02-21 
952 |a SNK  |b SNK  |y PREZ  |7 0  |p 17A1522326  |o snkČSC 3201/2024  |i snk2024/7263  |8 0  |z Na obale: 100 rokov od položenia základného kameňa Mohyly M. R. Štefánika  |0 0  |1 0  |4 0  |d 2024-05-06  |l 0  |r 2026-02-21 19:51:02  |w 2026-02-21 
952 |a SNK  |b SNK  |y PREZ  |7 0  |p 17A1522327  |o snkČSC 3201/2024 D1  |i snk2024/7266  |8 0  |z Na obale: 100 rokov od položenia základného kameňa Mohyly M. R. Štefánika  |0 0  |1 0  |4 0  |d 2024-05-06  |l 0  |r 2026-02-21 19:51:02  |w 2026-02-21 
952 |a SNK  |b SNK  |y PREZ  |7 0  |p 17A1520506  |o snkČSC 3201/2025  |i snk2025/6247  |8 0  |0 0  |1 0  |4 0  |d 2025-04-10  |l 0  |r 2026-02-21 19:52:36  |w 2026-02-21 
952 |a SNK  |b SNK  |y PREZ  |7 0  |p 17A1520507  |o snkČSC 3201/2025 D1  |i snk2025/6248  |8 0  |0 0  |1 0  |4 0  |d 2025-04-10  |l 0  |r 2026-02-21 19:52:36  |w 2026-02-21 
952 |a SNK  |b SNK  |y PREZ  |7 0  |p 17A0672704  |o snkČSC 3201/2011  |i snk2010/27786  |8 0  |f 1  |0 0  |1 0  |4 0  |d 2010-12-14  |l 0  |r 2026-02-21 19:56:16  |w 2026-02-21 
952 |a SNK  |b SNK  |y PREZ  |7 0  |p 17A0672705  |o snkČSC 3201/2011 D1  |i snk2010/27787  |8 0  |0 0  |1 0  |4 0  |d 2010-12-14  |l 0  |r 2026-02-21 19:56:16  |w 2026-02-21 
952 |a SNK  |b SNK  |y PREZ  |7 0  |p 17A1460932  |o snkČSC 3201/2022  |i snk2021/14944  |8 0  |f 1  |0 0  |1 0  |4 0  |d 2021-10-08  |l 0  |r 2026-02-21 20:00:01  |w 2026-02-21 
952 |a SNK  |b SNK  |y PREZ  |7 0  |p 17A1460933  |o snkČSC 3201/2022 D1  |i snk2021/14945  |8 0  |0 0  |1 0  |4 0  |d 2021-10-08  |l 0  |r 2026-02-21 20:00:01  |w 2026-02-21 
952 |a SNK  |b SNK  |y PREZ  |7 0  |p 17A0122164  |o snkČSC 3201/1998 D1  |i snkKSP 1287/98  |0 0  |1 0  |4 0  |d 1998-02-09  |l 0  |r 2005-01-02 00:00:00  |w 2026-02-21 
952 |a SNK  |b SNK  |y PREZ  |7 0  |p 17A0563766  |o snkČSC 3201/2008  |i snk2007/26890  |8 0  |f 1  |0 0  |1 0  |4 0  |d 2007-12-10  |l 0  |r 2026-02-21 20:21:29  |w 2026-02-21 
952 |a SNK  |b SNK  |y PREZ  |7 0  |p 17A0563767  |o snkČSC 3201/2008 D1  |i snk2007/26891  |8 0  |0 0  |1 0  |4 0  |d 2007-12-10  |l 0  |r 2026-02-21 20:21:29  |w 2026-02-21 
952 |a SNK  |b SNK  |y PREZ  |7 0  |p 17A0719088  |o snkČSC 3201/2012  |i snk2011/24888  |8 0  |f 1  |0 0  |1 0  |4 0  |d 2011-12-29  |l 0  |r 2026-02-21 20:22:59  |w 2026-02-21 
952 |a SNK  |b SNK  |y PREZ  |7 0  |p 17A0719089  |o snkČSC 3201/2012 D1  |i snk2011/24889  |8 0  |0 0  |1 0  |4 0  |d 2011-12-29  |l 0  |r 2026-02-21 20:22:59  |w 2026-02-21 
952 |a SNK  |b SNK  |y PREZ  |7 0  |p 17A0221485  |o snkČSC 3201/1995  |i snkKSP 10983/94  |z Vydané v r. 1994  |f 1  |0 0  |1 0  |4 0  |d 1999-12-14  |l 0  |r 2004-12-31 00:00:00  |w 2026-02-21 
952 |a SNK  |b SNK  |y PREZ  |7 0  |p 17A0534439  |o snkČSC 3201/2007  |i snk2007/7763  |8 0  |f 1  |0 0  |1 0  |4 0  |d 2007-03-19  |l 0  |r 2026-02-21 20:27:16  |w 2026-02-21 
952 |a SNK  |b SNK  |y PREZ  |7 0  |p 17A0534440  |o snkČSC 3201/2007 D1  |i snk2007/7764  |8 0  |0 0  |1 0  |4 0  |d 2007-03-19  |l 0  |r 2026-02-21 20:27:16  |w 2026-02-21 
952 |a SNK  |b SNK  |y PREZ  |7 0  |p 17A1023108  |o snkČSC 3201/1995 D2  |i snkF 66/95  |0 0  |1 0  |4 0  |d 2014-02-03  |l 0  |r 2026-02-21 20:31:50  |w 2026-02-21 
952 |a SNK  |b SNK  |y PREZ  |7 0  |p 17A0249442  |o snkČSC 3201/2000  |i snkKSP 8889/2000  |f 1  |0 0  |1 0  |4 0  |d 2000-08-31  |l 0  |r 2005-01-02 00:00:00  |w 2026-02-21 
952 |a SNK  |b SNK  |y PREZ  |7 0  |p 17A0249443  |o snkČSC 3201/2000 D1  |i snkKSP 8890/2000  |0 0  |1 0  |4 0  |d 2000-08-31  |l 0  |r 2005-01-02 00:00:00  |w 2026-02-21 
952 |a SNK  |b SNK  |y PREZ  |7 0  |p 17A0870984  |o snkČSC 3201/2014  |i snk2015/679  |8 0  |f 1  |0 0  |1 0  |4 0  |d 2015-01-13  |l 0  |r 2026-02-21 20:43:04  |w 2026-02-21 
952 |a SNK  |b SNK  |y PREZ  |7 0  |p 17A0870985  |o snkČSC 3201/2014 D1  |i snk2015/681  |8 0  |0 0  |1 0  |4 0  |d 2015-01-13  |l 0  |r 2026-02-21 20:43:04  |w 2026-02-21 
952 |a SNK  |b SNK  |y PREZ  |7 0  |p 17A0870986  |o snkČSC 3201/2015  |i snk2015/683  |8 0  |f 1  |0 0  |1 0  |4 0  |d 2015-01-13  |l 0  |r 2026-02-21 20:43:04  |w 2026-02-21 
952 |a SNK  |b SNK  |y PREZ  |7 0  |p 17A0870987  |o snkČSC 3201/2015 D1  |i snk2015/687  |8 0  |0 0  |1 0  |4 0  |d 2015-01-13  |l 0  |r 2026-02-21 20:43:04  |w 2026-02-21 
952 |a SNK  |b SNK  |y PREZ  |7 0  |p 17A0126857  |o snkČSC 3201/1998  |i snkKSP 1286/98  |f 1  |0 0  |1 0  |4 0  |d 1998-02-09  |l 0  |r 2005-01-02 00:00:00  |w 2026-02-21 
952 |a SNK  |b SNK  |y PREZ  |7 0  |p 17A0600471  |o snkČSC 3201/2009  |i snk2008/21487  |8 0  |f 1  |0 0  |1 0  |4 0  |d 2008-11-06  |l 0  |r 2026-02-21 20:49:57  |w 2026-02-21 
952 |a SNK  |b SNK  |y PREZ  |7 0  |p 17A0600472  |o snkČSC 3201/2009 D1  |i snk2008/21488  |8 0  |0 0  |1 0  |4 0  |d 2008-11-06  |l 0  |r 2026-02-21 20:49:57  |w 2026-02-21 
952 |a SNK  |b SNK  |y PREZ  |7 0  |p 17A1172986  |o snkČSC 3201/2016  |i snk2015/29400  |8 0  |f 1  |0 0  |1 0  |4 0  |d 2015-10-22  |l 0  |r 2026-02-21 20:53:00  |w 2026-02-21 
952 |a SNK  |b SNK  |y PREZ  |7 0  |p 17A1172987  |o snkČSC 3201/2016 D1  |i snk2015/29401  |8 0  |0 0  |1 0  |4 0  |d 2015-10-22  |l 0  |r 2026-02-21 20:53:00  |w 2026-02-21 
952 |a SNK  |b SNK  |y PREZ  |7 0  |p 17A0303912  |o snkČSC 3201/2001  |i snkKSP 7270/2001  |f 1  |0 0  |1 0  |4 0  |d 2001-06-13  |l 0  |r 2005-01-02 00:00:00  |w 2026-02-21 
952 |a SNK  |b SNK  |y PREZ  |7 0  |p 17A0303913  |o snkČSC 3201/2001 D1  |i snkKSP 7271/2001  |0 0  |1 0  |4 0  |d 2001-06-13  |l 0  |r 2005-01-02 00:00:00  |w 2026-02-21 
952 |a SNK  |b SNK  |y PREZ  |7 0  |p 17A0221523  |o snkČSC 3201/1996  |i snkKSP 10122/95  |z Vydané v r. 1995  |f 1  |0 0  |1 0  |4 0  |d 1999-12-14  |l 0  |r 2005-01-01 00:00:00  |w 2026-02-21 
952 |a SNK  |b SNK  |y PREZ  |7 0  |p 17A0221957  |o snkČSC 3201/1996 D2  |0 0  |1 0  |4 0  |d 1999-12-22  |l 0  |r 2005-01-01 00:00:00  |w 2026-02-21 
952 |a SNK  |b SNK  |y PREZ  |7 0  |p 17A0447999  |o snkČSC 3201/1996 D1  |i snkKSP 10123/95  |0 0  |1 0  |4 0  |d 2004-10-29  |l 0  |r 2005-01-01 00:00:00  |w 2026-02-21 
952 |a SNK  |b SNK  |y PREZ  |7 0  |p 17A0019267  |o snkČSC 3201/1996 D9  |0 0  |1 0  |4 0  |d 1996-11-08  |l 0  |r 2005-01-01 00:00:00  |w 2026-02-21 
952 |a SNK  |b SNK  |y PREZ  |7 0  |p 17A0095851  |o snkČSC 3201/1992 D5  |0 0  |1 0  |4 0  |d 1998-06-29  |l 0  |r 2005-01-01 00:00:00  |w 2026-02-21 
952 |a SNK  |b SNK  |y PREZ  |7 0  |p 17A0447996  |o snkČSC 3201/1995 D8  |i snkF 72/95  |8 5  |0 0  |1 0  |4 0  |d 2004-10-29  |l 0  |r 2005-01-01 00:00:00  |w 2026-02-21 
952 |a SNK  |b SNK  |y PREZ  |7 0  |p 17A0866519  |o snkČSC 3201/2013  |i snk2012/24547  |8 0  |f 1  |0 0  |1 0  |4 0  |d 2012-11-28  |l 0  |r 2026-02-21 21:13:18  |w 2026-02-21 
952 |a SNK  |b SNK  |y PREZ  |7 0  |p 17A0866520  |o snkČSC 3201/2013 D1  |i snk2012/24549  |8 0  |0 0  |1 0  |4 0  |d 2012-11-28  |l 0  |r 2026-02-21 21:13:18  |w 2026-02-21 
952 |a SNK  |b SNK  |y PREZ  |7 0  |p 17A0334827  |o snkČSC 3201/2002  |i snkKSP 2421/2002  |f 1  |0 0  |1 0  |4 0  |d 2002-02-27  |l 0  |r 2005-01-02 00:00:00  |w 2026-02-21 
952 |a SNK  |b SNK  |y PREZ  |7 0  |p 17A0334828  |o snkČSC 3201/2002 D1  |i snkKSP 2422/2002  |0 0  |1 0  |4 0  |d 2002-02-27  |l 0  |r 2005-01-02 00:00:00  |w 2026-02-21 
952 |a SNK  |b SNK  |y PREZ  |7 0  |p 17A0183735  |o snkČSC 3201/1999  |i snkKSP 2477/99  |f 1  |0 0  |1 0  |4 0  |d 1999-03-10  |l 0  |r 2005-01-02 00:00:00  |w 2026-02-21 
952 |a SNK  |b SNK  |y PREZ  |7 0  |p 17A0183736  |o snkČSC 3201/1999 D1  |i snkKSP 2478/99  |0 0  |1 0  |4 0  |d 1999-03-10  |l 0  |r 2005-01-02 00:00:00  |w 2026-02-21 
952 |t r. 1999  |a SNK  |b SNK  |y NEVYP  |7 0  |o snkC 69  |i snk117/20010129  |0 0  |1 0  |4 0  |d 2001-01-26  |l 0  |r 2005-01-02 00:00:00  |w 2026-02-21 
952 |a SNK  |b SNK  |y PREZ  |7 0  |p 17A0606656  |o snkČSC 3201/1995 D9  |i snkF 73/95  |8 5  |0 0  |1 0  |4 0  |d 2009-01-14  |l 0  |r 2026-02-21 21:30:07  |w 2026-02-21 
952 |a SNK  |b SNK  |y PREZ  |7 0  |p 17A0375890  |o snkČSC 3201/2003  |i snkKSP 2924/2003  |f 1  |0 0  |1 0  |4 0  |d 2003-02-26  |l 0  |r 2005-01-02 00:00:00  |w 2026-02-21 
952 |a SNK  |b SNK  |y PREZ  |7 0  |p 17A0375891  |o snkČSC 3201/2003 D1  |i snkKSP 2925/2003  |0 0  |1 0  |4 0  |d 2003-02-26  |l 0  |r 2005-01-02 00:00:00  |w 2026-02-21 
952 |a SNK  |b SNK  |y PREZ  |7 0  |p 17A1433533  |o snkČSC 3201/2021  |i snk2021/4046  |8 0  |f 1  |0 0  |1 0  |4 0  |d 2021-05-10  |l 0  |r 2026-02-21 21:39:50  |w 2026-02-21 
952 |a SNK  |b SNK  |y PREZ  |7 0  |p 17A1433534  |o snkČSC 3201/2021 D1  |i snk2021/4047  |8 0  |0 0  |1 0  |4 0  |d 2021-05-10  |l 0  |r 2026-02-21 21:39:51  |w 2026-02-21 
952 |a SNK  |b SNK  |y PREZ  |7 0  |p 17A1204348  |o snkČSC 3201/2017  |i snk2016/29163  |8 0  |f 1  |0 0  |1 0  |4 0  |d 2016-12-29  |l 0  |r 2026-02-21 21:47:44  |w 2026-02-21 
952 |a SNK  |b SNK  |y PREZ  |7 0  |p 17A1204349  |o snkČSC 3201/2017 D1  |i snk2016/29164  |8 0  |0 0  |1 0  |4 0  |d 2016-12-29  |l 0  |r 2026-02-21 21:47:44  |w 2026-02-21 
952 |a SNK  |b SNK  |y PREZ  |7 0  |p 17A1382610  |o snkČSC 3201/2020  |i snk2019/30528  |8 0  |f 1  |0 0  |1 0  |4 0  |d 2019-11-26  |l 0  |r 2026-02-21 22:08:17  |w 2026-02-21 
952 |a SNK  |b SNK  |y PREZ  |7 0  |p 17A1382611  |o snkČSC 3201/2020 D1  |i snk2019/30529  |8 0  |0 0  |1 0  |4 0  |d 2019-11-26  |l 0  |r 2026-02-21 22:08:17  |w 2026-02-21 
952 |a SNK  |b SNK  |y PREZ  |7 0  |p 17A1264410  |o snkČSC 3201/2018  |i snk2017/26010  |8 0  |f 1  |0 0  |1 0  |4 0  |d 2017-11-24  |l 0  |r 2026-02-21 22:12:14  |w 2026-02-21 
952 |a SNK  |b SNK  |y PREZ  |7 0  |p 17A1264411  |o snkČSC 3201/2018 D1  |i snk2017/26011  |8 0  |0 0  |1 0  |4 0  |d 2017-11-24  |l 0  |r 2026-02-21 22:12:14  |w 2026-02-21 
952 |a SNK  |b SNK  |y PREZ  |7 0  |p 17A1339782  |o snkČSC 3201/2019  |i snk2019/820  |8 0  |f 1  |0 0  |1 0  |4 0  |d 2019-01-10  |l 0  |r 2026-02-21 22:20:44  |w 2026-02-21 
952 |a SNK  |b SNK  |y PREZ  |7 0  |p 17A1339783  |o snkČSC 3201/2019 D1  |i snk2019/821  |8 0  |0 0  |1 0  |4 0  |d 2019-01-10  |l 0  |r 2026-02-21 22:20:44  |w 2026-02-21 
952 |t 2016  |a SNKLM  |b SNKLM  |y NEVYP  |7 0  |o snklmDK 7233 SNKLM  |i snklm2015/168  |8 3  |g 3.80  |0 0  |1 0  |4 0  |d 2017-01-12  |l 0  |r 2026-02-21 22:31:57  |w 2026-02-21 
952 |t 1  |a SNK  |b SNK  |y NEVYP  |7 1  |p 17A1559570  |o snkČSC 3201/2026  |i snk2026/5946  |8 0  |0 0  |1 0  |2 udc  |4 0  |d 2026-04-23  |l 0  |r 2026-04-23 09:28:57  |w 2026-04-23 
952 |t 2  |a SNK  |b SNK  |y NEVYP  |7 1  |p 17A1559571  |o snkČSC 3201/2026 D1  |i snk2026/5947  |8 0  |0 0  |1 0  |2 udc  |4 0  |d 2026-04-23  |l 0  |r 2026-04-23 09:31:00  |w 2026-04-23